000 00217nam a22000857a 4500
008 160706b xxu||||| |||| 00| 0 eng d
100 _92403
_aOm Kidz
245 _a101 Questions & Answers
260 _aNew Delhi
_bOm Kidz
_c2012
999 _c2078
_d2078